Statistics for Highest Paid NFL Players

Click here to take the quiz!

General Stats

  • This quiz has been taken 93 times
    (69 since last reset)
  • The average score is 14 of 15

Answer Stats

2022 Salary ($ Millions)TeamPositonPlayer% Correct
50.3PackersQBAaron Rodgers
98%
45ChiefsQBPatrick Mahomes
98%
43BillsQBJosh Allen
97%
40RamsQBMatthew Stafford
95%
30DolphinsWRTyreek Hill
95%
35BroncosQBRussell Wilson
94%
31.6RamsDLAaron Donald
92%
40CowboysQBDak Prescott
92%
40.5RaidersQBDerrick Carr
92%
46.1CardinalsQBKyler Murray
92%
35VikingsQBKirk Cousins
89%
46BrownsQBDeshaun Watson
88%
33.5LionsQBJared Goff
88%
30ColtsQBMatt Ryan
72%
32CommandersQBCarson Wentz
70%

Score Distribution

Percentile by Number Answered

Percent of People with Each Score

Your Score History

You have not taken this quiz since the last reset